| 000 | 00875nam a2200241 i 4500 | ||
|---|---|---|---|
| 001 | 139022 | ||
| 003 | ES-MaACL | ||
| 005 | 20260122130741.0 | ||
| 007 | t| | ||
| 008 | 070214s1908 sp |||| | spa d | ||
| 080 | _a94(460)(089.3) | ||
| 100 | 1 |
_aSaralegui y Medina, Manuel de. _9103752 |
|
| 245 | 1 | 0 |
_aCuadros de historia / _cManuel de Saralegui y Medina ; prólogo de Juan Catalina García. |
| 260 |
_aMadrid : _b[s.n.], _c1908 ( _fImp. Hijos de M.G. Hernández) |
||
| 300 |
_a210 p. ; _c19 cm. |
||
| 530 | _aDisponible en formato digital. | ||
| 651 | 4 |
_aEspaña- _vMisceláneas. _98386 |
|
| 700 | 1 |
_aGarcía, Juan Catalina, _d1845-1911 _954060 |
|
| 852 |
_aES-MaACL _jG-14637 _cSPP3 |
||
| 856 | 4 |
_uhttp://bnedigital.bne.es/bd/es/card?id=705f817c-acca-445a-9620-abcd3abf9d2a _y(Biblioteca Digital Hispánica) |
|
| 942 | _2udc | ||
| 999 |
_c139022 _d139022 |
||